00810cam a22002411 4500001000400000003000800004005001700012008004100029035001700070035002000087040003400107041000800141082002600149100002300175245006900198260005100267300004500318500002700363504003700390504009100427650002600518650002400544758BD-RjUL20211208233227.0131123s1939 iluae b 000 0 eng d a(BD-RjUL)778 a(OCoLC)12054858 aDLCcMeBdOCoLCdBD-RjULbeng aeng a022.317216bHAC 19391 aHanley, Edna Ruth.10aCollege and university library buildings /cby Edna Ruth Hanley. aChicago:bAmerican library association,c1939. a152 p. :billus. (incl. plans) ;c30 cm. a"Published June 1939." a"Selected references": p. 21-22. a"Bibliography [of] college and university library buildings, 1917-1938": p. [140]-152. 0aLibrary architecture. 0aAcademic libraries.